[Event "Kramnik Challenge 2021"]
[Site "chess24.com INT"]
[Date "2021.08.15"]
[Round "13.3"]
[White "Leon Luke Mendonca"]
[Black "Vincent Keymer"]
[Result "0-1"]
[EventDate "2021.08.12"]
[WhiteElo "2537"]
[BlackElo "2602"]
[PlyCount "158"]

1. Nf3 d5 2. d4 Nf6 3. c4 e6 4. Nc3 c6 5. e3 Nbd7 6. Qc2 Bd6 7. Bd3 O-O 8. O-O dxc4 9. Bxc4 e5 10. h3 exd4 11. Nxd4 Bb8 12. Be2 Ne5 13. Nf5 Qc7 14. f4 Ng6 15. e4 Bxf5 16. exf5 Ne7 17. Bf3 Qa5 18. g4 Bd6 19. Bd2 Qb6+ 20. Kh1 Nfd5 21. Bg2 Nb4 22. Qb3 Rad8 23. Ne4 Ned5 24. a3 Na6 25. Qxb6 axb6 26. Rad1 Bb8 27. Bc1 Rfe8 28. Rd3 Kf8 29. b4 b5 30. Rdd1 Bc7 31. Kh2 Nxf4 32. Bxf4 Bxf4+ 33. Kh1 Be5 34. Bf3 Bb2 35. Nd6 Re7 36. g5 Bxa3 37. f6 gxf6 38. Nf5 Red7 39. Rxd7 Rxd7 40. gxf6 Bb2 41. Bh5 Bxf6 42. Nh6 Bg7 43. Nxf7 Kg8 44. Ng5 h6 45. Bf7+ Kh8 46. Be6 Re7 47. Nf7+ Kh7 48. Bb3 Nxb4 49. Rf3 Nd5 50. h4 Re3 51. Bxd5 Re1+ 52. Kg2 cxd5 53. Nd6 b4 54. Rf7 Re6 55. Nf5 Kg6 56. Rxg7+ Kxf5 57. Rxb7 Re4 58. h5 Kg5 59. Rb5 Rd4 60. Kf3 Kxh5 61. Ke3 Re4+ 62. Kf3 Rd4 63. Ke3 Rc4 64. Rxd5+ Kg4 65. Rd8 h5 66. Rg8+ Kh3 67. Kf3 Rc3+ 68. Kf2 b3 69. Rb8 Rc2+ 70. Kf3 b2 71. Rb5 h4 72. Rb4 Rd2 73. Ke3 Rg2 74. Kf3 Rc2 75. Rb3 Kh2 76. Kg4 Kg2 77. Kxh4 Kf2 78. Kg4 Ke2 79. Kf4 Kd2 0-1

[Event "Kramnik Challenge 2021"]
[Site "chess24.com INT"]
[Date "2021.08.15"]
[Round "14.6"]
[White "Vincent Keymer"]
[Black "Awonder Liang"]
[Result "1-0"]
[EventDate "2021.08.12"]
[WhiteElo "2602"]
[BlackElo "2587"]
[PlyCount "94"]

1. Nf3 Nf6 2. c4 e6 3. b3 b6 4. g3 Bb7 5. Bg2 d5 6. Bb2 Be7 7. cxd5 exd5 8. O-O O-O 9. e3 Nbd7 10. Nc3 Re8 11. Rc1 a6 12. Re1 Nc5 13. d3 Ne6 14. Re2 Rc8 15. Rec2 c5 16. d4 Rc7 17. Ne2 Ne4 18. Ne5 f5 19. Nd3 Bd6 20. Nef4 Nxf4 21. gxf4 Qe7 22. Ne5 Rec8 23. h3 Qe6 24. Qe2 Qe7 25. Kh2 Qe6 26. a4 Bxe5 27. dxe5 c4 28. Bd4 a5 29. bxc4 Rxc4 30. Rxc4 dxc4 31. Rb1 Rc6 32. Qc2 Bc8 33. Bf1 Ba6 34. Rd1 h6 35. f3 Nc5 36. Bxc5 bxc5 37. Rd8+ Kh7 38. h4 c3 39. Bh3 g6 40. h5 Rb6 41. hxg6+ Kg7 42. Qxc3 Bb7 43. Rd6 Rxd6 44. exd6+ Kxg6 45. Qxc5 Bc8 46. e4 Kf7 47. Bxf5 1-0

[Event "Kramnik Challenge 2021"]
[Site "chess24.com INT"]
[Date "2021.08.15"]
[Round "15.4"]
[White "Dinara Saduakassova"]
[Black "Vincent Keymer"]
[Result "1/2-1/2"]
[EventDate "2021.08.12"]
[WhiteElo "2483"]
[BlackElo "2602"]
[PlyCount "172"]

1. Nf3 d5 2. d4 Nf6 3. c4 e6 4. g3 Bb4+ 5. Bd2 Be7 6. Bg2 O-O 7. O-O c6 8. Qc2 Nbd7 9. Bf4 a5 10. Nbd2 Nh5 11. Be3 h6 12. Rfd1 Bd6 13. Nb3 Qe7 14. a4 b6 15. Ne5 Bb7 16. Nxd7 Qxd7 17. c5 Be7 18. cxb6 Qd8 19. Nc5 Ba6 20. b4 Qxb6 21. Nd7 Qxb4 22. Nxf8 Rxf8 23. Bf3 Nf6 24. Qxc6 Bc4 25. Rdb1 Qc3 26. Rc1 Qb2 27. Rab1 Qa2 28. Qb6 Bb4 29. Bf4 Bxe2 30. Bxe2 Qxe2 31. Qb5 Qf3 32. Rc2 Ne4 33. Qf1 g5 34. Be3 Nc3 35. Rbc1 Nxa4 36. Qb5 Nc3 37. Rxc3 Bxc3 38. Rxc3 Qd1+ 39. Kg2 a4 40. Rc1 Qb3 41. Qxb3 axb3 42. Rb1 Rb8 43. Kf3 Kg7 44. Ke2 Kg6 45. Kd3 g4 46. Kc3 h5 47. Rxb3 Ra8 48. Kd3 Ra1 49. Rb8 Rh1 50. Bf4 Rxh2 51. Ke2 Rh1 52. Rg8+ Kh7 53. Re8 h4 54. gxh4 Rxh4 55. Be5 Kg6 56. Ke3 Kf5 57. Rf8 Rh3+ 58. Ke2 Kg6 59. Rg8+ Kf5 60. Rh8 Ra3 61. Rf8 Ra7 62. Kf1 Rb7 63. Kg2 Ra7 64. Rh8 Rb7 65. Rh6 Kg5 66. Rf6 Ra7 67. Rf4 Rb7 68. f3 gxf3+ 69. Rxf3 Kg4 70. Rf4+ Kg5 71. Rf3 Kg4 72. Rf2 Ra7 73. Bf6 Ra3 74. Be5 Ra7 75. Rb2 Rd7 76. Rb8 Ra7 77. Rg8+ Kf5 78. Kf3 Ra3+ 79. Ke2 Ra2+ 80. Kd3 Ra3+ 81. Kc2 Rf3 82. Rg3 Rxg3 83. Bxg3 f6 84. Kd3 e5 85. dxe5 fxe5 86. Be1 1/2-1/2

[Event "Kramnik Challenge 2021"]
[Site "chess24.com INT"]
[Date "2021.08.14"]
[Round "9.1"]
[White "Vincent Keymer"]
[Black "Carissa Yip"]
[Result "1-0"]
[EventDate "2021.08.12"]
[WhiteElo "2602"]
[BlackElo "2404"]
[PlyCount "84"]

1. d4 Nf6 2. c4 g6 3. Nc3 Bg7 4. e4 O-O 5. Be2 d6 6. Nf3 e5 7. O-O Nc6 8. d5 Ne7 9. b4 a5 10. bxa5 Rxa5 11. a4 Nd7 12. Ba3 h6 13. Nd2 Ra8 14. Nb3 f5 15. c5 Nf6 16. f3 f4 17. Nd2 g5 18. Nb5 Ne8 19. Rc1 Ng6 20. Nc4 Rf6 21. cxd6 cxd6 22. a5 Ra6 23. Nb6 Rxb6 24. axb6 Qxb6+ 25. Rf2 Bd7 26. Rb1 Qd8 27. Nc3 Qa5 28. Bb4 Qd8 29. Bb5 Bc8 30. Qa4 Nc7 31. Ba5 Rf7 32. Rc2 g4 33. Bf1 g3 34. h3 Qf8 35. Qc4 Na6 36. Na4 Bd7 37. Nb6 Be8 38. Qc8 Nc5 39. Bb4 Bf6 40. Bxc5 dxc5 41. d6 Bg7 42. Bc4 1-0

[Event "Kramnik Challenge 2021"]
[Site "chess24.com INT"]
[Date "2021.08.14"]
[Round "10.8"]
[White "Vincent Keymer"]
[Black "Balaji Daggupati"]
[Result "1/2-1/2"]
[EventDate "2021.08.12"]
[WhiteElo "2602"]
[BlackElo "2429"]
[PlyCount "146"]

1. Nf3 d5 2. e3 e6 3. c4 b6 4. Nc3 Bb7 5. b3 Nf6 6. Bb2 Bd6 7. cxd5 exd5 8. Nb5 Be7 9. Be5 Na6 10. Rc1 c5 11. a3 O-O 12. d4 Ne4 13. Bd3 cxd4 14. exd4 Qd7 15. O-O Rfc8 16. Qe2 Rxc1 17. Rxc1 Rc8 18. Rxc8+ Bxc8 19. Nd2 f6 20. Bf4 g5 21. Nxe4 gxf4 22. Nec3 Nc7 23. Qh5 Bf8 24. Nxc7 Qxc7 25. Qxd5+ Kg7 26. Bc4 Qe7 27. Qg8+ Kh6 28. Nd5 Qg7 29. Qxg7+ Kxg7 30. a4 Bd6 31. Nc3 Bf5 32. Kf1 Kf8 33. Ke2 Bg4+ 34. f3 Bf5 35. Bd3 Be6 36. d5 Bg8 37. Nb5 Bb8 38. Bc4 Bf7 39. Nd4 Bd6 40. Nc6 a5 41. Nd4 Be8 42. Bd3 Bf7 43. Be4 h5 44. Kd3 Bc5 45. Kc4 Ke7 46. Nf5+ Kd7 47. Kb5 Kc7 48. Ka6 Be8 49. Ka7 b5+ 50. Ka6 bxa4 51. bxa4 Bb4 52. Bc2 Bd7 53. d6+ Kc6 54. Nd4+ Kxd6 55. Nb5+ Kc5 56. Bd3 Bd2 57. h3 Be6 58. Nc7 Bb3 59. Bb5 Kd4 60. Ne8 Ke5 61. Kb6 Bf7 62. Nc7 Kd4 63. Ne8 Bxe8 64. Bxe8 h4 65. Bd7 Ke3 66. Kc5 Kf2 67. Kd4 Kxg2 68. Ke4 Kg3 69. Bg4 Bb4 70. Kf5 Bc3 71. Ke4 Bb4 72. Kf5 Bc3 73. Ke4 Bb4 1/2-1/2

[Event "Kramnik Challenge 2021"]
[Site "chess24.com INT"]
[Date "2021.08.14"]
[Round "11.2"]
[White "Jiner Zhu"]
[Black "Vincent Keymer"]
[Result "0-1"]
[EventDate "2021.08.12"]
[WhiteElo "2455"]
[BlackElo "2602"]
[PlyCount "40"]

1. e4 c5 2. Nf3 d6 3. Bb5+ Nd7 4. d4 cxd4 5. Qxd4 a6 6. Bxd7+ Bxd7 7. c4 Nf6 8. Nc3 g6 9. e5 dxe5 10. Nxe5 Be6 11. Be3 Bg7 12. Qh4 Qc7 13. Bf4 Nh5 14. Nxg6 Nxf4 15. Qxf4 Qa5 16. Nxh8 Bxc3+ 17. Ke2 Bxb2 18. Rab1 Qxa2 19. Rhd1 Bxh8+ 20. Rd2 0-1

[Event "Kramnik Challenge 2021"]
[Site "chess24.com INT"]
[Date "2021.08.14"]
[Round "12.7"]
[White "Vincent Keymer"]
[Black "Tingjie Lei"]
[Result "1-0"]
[EventDate "2021.08.12"]
[WhiteElo "2602"]
[BlackElo "2505"]
[PlyCount "60"]

1. Nf3 d5 2. b3 Nf6 3. Bb2 e6 4. c4 b6 5. g3 Be7 6. Bg2 O-O 7. O-O Bb7 8. cxd5 Nxd5 9. d4 Nd7 10. Re1 c5 11. e4 N5f6 12. Nc3 cxd4 13. Nxd4 Ne5 14. h3 Ba6 15. Ncb5 Bxb5 16. Nxb5 Nd3 17. e5 Nxb2 18. Qe2 Nd5 19. Qxb2 Qd7 20. a4 Rac8 21. Rad1 a6 22. Nc3 Bb4 23. Nxd5 exd5 24. Rxd5 Qe7 25. Red1 Rc3 26. Qe2 Rxb3 27. Rd7 Qc5 28. e6 Rxg3 29. e7 Re8 30. Rd8 1-0

[Event "Kramnik Challenge 2021"]
[Site "chess24.com INT"]
[Date "2021.08.13"]
[Round "7.2"]
[White "Vincent Keymer"]
[Black "Nodirbek Abdusattorov"]
[Result "1/2-1/2"]
[EventDate "2021.08.12"]
[WhiteElo "2602"]
[BlackElo "2634"]
[PlyCount "190"]

1. d4 d5 2. c4 e6 3. Nc3 a6 4. cxd5 exd5 5. Nf3 c6 6. Bf4 Bd6 7. Bg3 Ne7 8. e3 O-O 9. Ne5 Ng6 10. Bd3 Re8 11. Qh5 Qe7 12. O-O-O Nd7 13. Nxd7 Bxd7 14. Kb1 Rf8 15. e4 Nf4 16. Bxf4 Bxf4 17. exd5 g6 18. Qf3 Bh6 19. Rhe1 Qh4 20. g3 Qg4 21. Be4 f5 22. Qxg4 fxg4 23. Re2 Rae8 24. dxc6 bxc6 25. Kc2 Bg7 26. Rdd2 Bh6 27. Rd3 Bg7 28. b3 h5 29. Rdd2 Bh6 30. Bxg6 Bxd2 31. Bxe8 Bxc3 32. Bxd7 Bxd4 33. Be8 Rxf2 34. Kd3 Rxe2 35. Kxe2 h4 36. Bxc6 Bg1 37. gxh4 Bxh2 38. Bd7 Bd6 39. Bxg4 a5 40. Kd3 Bb4 41. Kc4 Be1 42. Kb5 Kg7 43. h5 Kh6 44. Be2 Kg7 45. Bd1 Kh6 46. a3 Kg7 47. Kc4 Kh6 48. Kd3 Kg7 49. Ke2 Bh4 50. b4 axb4 51. axb4 Be7 52. b5 Bc5 53. Kd3 Bg1 54. Ke4 Kh6 55. Kd5 Kg7 56. Ke6 Bf2 57. Kf5 Be3 58. Ke4 Bg1 59. Kf4 Bb6 60. Kg5 Be3+ 61. Kf5 Bg1 62. Be2 Bf2 63. Kf4 Bg1 64. Kf3 Bb6 65. Ke4 Bc5 66. Kf4 Bb6 67. Kg5 Be3+ 68. Kf5 Bb6 69. Ke4 Bc5 70. Kd5 Bb6 71. Kc6 Bf2 72. Kd6 Bb6 73. Ke5 Bf2 74. Ke4 Bb6 75. Kf5 Be3 76. Kg4 Bb6 77. Kg5 Be3+ 78. Kf5 Bb6 79. Kf4 Bc7+ 80. Kg5 Bb6 81. h6+ Kh8 82. Bd3 Be3+ 83. Kh5 Bb6 84. h7 Be3 85. Kg6 Bb6 86. Kf7 Be3 87. Ke6 Bb6 88. Kd7 Be3 89. Kc6 Bf2 90. b6 Bxb6 91. Kxb6 Kg7 92. Kb7 Kh8 93. Kc6 Kg7 94. Kd5 Kh8 95. Ke6 Kg7 1/2-1/2

[Event "Kramnik Challenge 2021"]
[Site "chess24.com INT"]
[Date "2021.08.13"]
[Round "5.3"]
[White "Vincent Keymer"]
[Black "Marc Andria Maurizzi"]
[Result "1-0"]
[EventDate "2021.08.12"]
[WhiteElo "2602"]
[BlackElo "2488"]
[PlyCount "120"]

1. d4 d5 2. c4 e6 3. Nc3 Bb4 4. cxd5 exd5 5. Bf4 c6 6. e3 Ne7 7. Nf3 Bf5 8. Qb3 Qb6 9. Be2 Nd7 10. O-O Ba5 11. Nd2 Qxb3 12. Nxb3 Bb6 13. Rfc1 f6 14. h3 Rc8 15. Na4 Bc7 16. Bxc7 Rxc7 17. Nbc5 Nxc5 18. Nxc5 Nc8 19. g4 Bg6 20. b4 Nd6 21. Ne6 Re7 22. Nf4 Bf7 23. b5 Kd7 24. bxc6+ bxc6 25. Rab1 Rc8 26. Nd3 Bg6 27. Nc5+ Ke8 28. Rb3 f5 29. Ba6 Rd8 30. Nd3 fxg4 31. hxg4 Nc4 32. Nb4 Rd6 33. Rbc3 Bf7 34. Nd3 Re4 35. Nf4 g5 36. Bxc4 dxc4 37. f3 Re7 38. Nh3 h6 39. Nf2 Bd5 40. Kg2 Rb7 41. Ne4 Re6 42. Nc5 Rb2+ 43. Kg3 Re7 44. e4 Bg8 45. R3c2 Rb5 46. Kf2 Rf7 47. Ke3 Re7 48. Rh1 Rh7 49. Rch2 Ra5 50. a4 c3 51. Rb1 Kf7 52. Rc2 h5 53. Rb7+ Kg6 54. Rxh7 Bxh7 55. gxh5+ Kxh5 56. Rxc3 g4 57. fxg4+ Kxg4 58. Rb3 Bg8 59. Rb7 Bc4 60. Rc7 1-0

[Event "Kramnik Challenge 2021"]
[Site "chess24.com INT"]
[Date "2021.08.13"]
[Round "6.7"]
[White "Sarasadat Khademalsharieh"]
[Black "Vincent Keymer"]
[Result "1/2-1/2"]
[EventDate "2021.08.12"]
[WhiteElo "2494"]
[BlackElo "2602"]
[PlyCount "134"]

1. d4 Nf6 2. c4 e6 3. Nf3 d5 4. Nc3 c6 5. e3 Nbd7 6. b3 Bb4 7. Bd2 Qe7 8. Bd3 e5 9. dxe5 Nxe5 10. Nxe5 Qxe5 11. Rc1 d4 12. Ne2 Bxd2+ 13. Qxd2 dxe3 14. Qxe3 Qxe3 15. fxe3 Bg4 16. Nd4 c5 17. Nb5 O-O-O 18. Be2 Rhe8 19. Bxg4+ Nxg4 20. O-O a6 21. Nc3 f6 22. e4 Rd4 23. h3 Ne5 24. Rce1 b6 25. Re2 Kb7 26. Nd5 Nd3 27. Rf3 Re6 28. Rg3 g6 29. Nc3 Kc6 30. Rf3 b5 31. cxb5+ axb5 32. Ree3 Ne5 33. Rf1 Nd7 34. Ref3 b4 35. Nd5 Rdxe4 36. Nxf6 Nxf6 37. Rxf6 Rxf6 38. Rxf6+ Kd5 39. Rf2 Re1+ 40. Kh2 Rc1 41. Rd2+ Ke4 42. Rd7 Rc2 43. Ra7 h5 44. h4 Kd3 45. Ra6 Kc3 46. Kh3 Kb2 47. Kg3 Kb1 48. Ra5 Rxa2 49. Rxc5 Rc2 50. Rg5 Rc6 51. Kf4 Kb2 52. Rg3 Rc5 53. Rxg6 Kxb3 54. g4 Rc4+ 55. Kg3 Kc2 56. gxh5 b3 57. Rb6 b2 58. h6 b1=Q 59. Rxb1 Kxb1 60. h7 Rc8 61. Kg4 Kc2 62. Kg5 Kd3 63. Kg6 Ke4 64. Kg7 Rc7+ 65. Kg6 Rc8 66. Kg7 Rc7+ 67. Kg6 Rc8 1/2-1/2

[Event "Kramnik Challenge 2021"]
[Site "chess24.com INT"]
[Date "2021.08.13"]
[Round "8.8"]
[White "Volodar Murzin"]
[Black "Vincent Keymer"]
[Result "1-0"]
[EventDate "2021.08.12"]
[WhiteElo "2505"]
[BlackElo "2602"]
[PlyCount "130"]

1. e4 c6 2. Nf3 d5 3. d3 dxe4 4. dxe4 Qxd1+ 5. Kxd1 Nd7 6. Bd3 Nc5 7. Be3 Nxd3 8. cxd3 Nf6 9. Ke2 Nd7 10. Rc1 e5 11. a4 a5 12. Nbd2 f6 13. Nb3 Bb4 14. Nfd2 Ke7 15. Nc4 c5 16. f4 b6 17. Rf1 Ba6 18. Nbd2 Bxd2 19. Nxd2 Rhd8 20. Ra3 Ra7 21. Rc3 exf4 22. Bxf4 Nf8 23. b3 Ne6 24. Be3 b5 25. axb5 Bxb5 26. Ra1 Kf7 27. Nc4 a4 28. bxa4 Rxa4 29. Rxa4 Bxa4 30. Ra3 Ra8 31. Kf2 Ra6 32. Nb2 Bb5 33. Rxa6 Bxa6 34. Ke2 Ke7 35. Kd2 Kd6 36. Kc3 h5 37. Nd1 Nd8 38. Bf4+ Kc6 39. Nf2 Ne6 40. Be3 g5 41. Nh1 Kd6 42. Ng3 h4 43. Nf5+ Kd7 44. g3 h3 45. Nh6 Bc8 46. Ng8 Kc6 47. Nxf6 Ba6 48. Nh7 Bc8 49. Nxg5 Nxg5 50. Bxg5 Bg4 51. Be7 Bf3 52. Kd2 Bg2 53. Ke3 Bf1 54. g4 c4 55. d4 c3 56. d5+ Kd7 57. Ba3 c2 58. Kd4 Ke8 59. e5 Kf7 60. Bc1 Bb5 61. g5 Kg6 62. Ke4 Ba4 63. e6 Bb5 64. d6 Bc4 65. d7 1-0

[Event "Kramnik Challenge 2021"]
[Site "chess24.com INT"]
[Date "2021.08.12"]
[Round "1.5"]
[White "Vincent Keymer"]
[Black "Yahli Sokolovsky"]
[Result "1-0"]
[EventDate "2021.08.12"]
[WhiteElo "2602"]
[BlackElo "2415"]
[PlyCount "52"]

1. d4 d5 2. c4 c6 3. Nf3 Nf6 4. e3 Bf5 5. Nc3 e6 6. Nh4 Be4 7. f3 Bg6 8. Bd2 Be7 9. Nxg6 hxg6 10. Qc2 Nbd7 11. O-O-O a5 12. cxd5 exd5 13. e4 dxe4 14. fxe4 O-O 15. e5 Nd5 16. h4 Nb4 17. Qe4 Re8 18. h5 gxh5 19. Bc4 Nf8 20. Rdf1 Bf6 21. Rxf6 gxf6 22. Rxh5 Nd5 23. Nxd5 cxd5 24. Bxd5 Qc8+ 25. Kb1 fxe5 26. Rg5+ 1-0

[Event "Kramnik Challenge 2021"]
[Site "chess24.com INT"]
[Date "2021.08.12"]
[Round "2.5"]
[White "Christopher Woojin Yoo"]
[Black "Vincent Keymer"]
[Result "0-1"]
[EventDate "2021.08.12"]
[WhiteElo "2466"]
[BlackElo "2602"]
[PlyCount "62"]

1. e4 c6 2. d4 d5 3. exd5 cxd5 4. c4 Nf6 5. Nc3 Nc6 6. Nf3 Bg4 7. Bg5 Qa5 8. Qb3 O-O-O 9. Bxf6 exf6 10. O-O-O dxc4 11. Qxc4 Kb8 12. Be2 Bb4 13. h3 Bxc3 14. Qxc3 Nb4 15. Kd2 Rc8 16. Qa3 Rc2+ 17. Ke1 Qxa3 18. bxa3 Re8 19. Rd2 Bxf3 20. gxf3 Nd3+ 21. Rxd3 Rexe2+ 22. Kd1 Rxa2 23. Rf1 Kc7 24. f4 Kd6 25. Rb3 b6 26. Rg3 g6 27. f5 Kd5 28. Rf3 g5 29. h4 g4 30. Rf4 h5 31. f3 Rh2 0-1

[Event "Kramnik Challenge 2021"]
[Site "chess24.com INT"]
[Date "2021.08.12"]
[Round "3.4"]
[White "Vincent Keymer"]
[Black "Polina Shuvalova"]
[Result "1/2-1/2"]
[EventDate "2021.08.12"]
[WhiteElo "2602"]
[BlackElo "2507"]
[PlyCount "194"]

1. Nf3 Nf6 2. c4 e6 3. Nc3 d5 4. e3 c5 5. cxd5 exd5 6. Bb5+ Nc6 7. Ne5 Bd7 8. Nxd7 Qxd7 9. d4 a6 10. Be2 c4 11. O-O Bb4 12. Na4 Rd8 13. Bd2 Bxd2 14. Qxd2 Ne4 15. Qd1 b5 16. f3 Nd6 17. Nc5 Qe7 18. Qd2 O-O 19. Rae1 Rfe8 20. Bd1 a5 21. Re2 g6 22. Bc2 Qf6 23. a3 Re7 24. Rd1 Nb7 25. Nxb7 Rxb7 26. Rde1 Kg7 27. h3 h5 28. f4 h4 29. Kh2 b4 30. axb4 axb4 31. Ra1 b3 32. Bb1 Ra7 33. Rxa7 Nxa7 34. Re1 Nc6 35. Qf2 Ne7 36. Rg1 Rh8 37. Qf3 Qd6 38. Qf2 f5 39. Kh1 Qe6 40. Kh2 Kf7 41. Re1 Ng8 42. Qd2 Qb6 43. e4 fxe4 44. f5 gxf5 45. Qf4 Ne7 46. Bxe4 dxe4 47. Rxe4 Qf6 48. Re2 Rg8 49. d5 Nxd5 50. Qxc4 Qd6+ 51. Kh1 Re8 52. Rxe8 Kxe8 53. Qxh4 Kd7 54. Qa4+ Ke6 55. Qxb3 Kf6 56. Qd3 Qe5 57. Qd2 f4 58. b4 Qa1+ 59. Kh2 Qe5 60. Kh1 Ne3 61. Qd8+ Kf5 62. Qd3+ Kg5 63. Qd8+ Kf5 64. Qd3+ Ke6 65. Qg6+ Kd5 66. Qd3+ Kc6 67. Qa6+ Kd7 68. Qb7+ Ke6 69. Qc8+ Ke7 70. Qb7+ Kf6 71. Qa6+ Kg5 72. Qa5 Nd5 73. Qd8+ Nf6 74. Qd2 Qe3 75. Qd1 Qe5 76. Qd2 Qe3 77. Qd1 Qb6 78. Qe1 Kf5 79. Qc3 Ne4 80. Qc8+ Ke5 81. Qh8+ Kd5 82. Qh5+ Kd4 83. Qd1+ Ke3 84. Qc1+ Kd3 85. Qxf4 Qxb4 86. Kh2 Qd6 87. Qxd6+ Nxd6 88. Kg3 Ke4 89. Kg4 Ke5 90. Kh5 Kf6 91. g4 Kg7 92. g5 Nf7 93. h4 Nh8 94. Kg4 Nf7 95. Kf5 Nh6+ 96. gxh6+ Kxh6 97. h5 Kxh5 1/2-1/2

[Event "Kramnik Challenge 2021"]
[Site "chess24.com INT"]
[Date "2021.08.12"]
[Round "4.6"]
[White "Jonas Buhl Bjerre"]
[Black "Vincent Keymer"]
[Result "0-1"]
[EventDate "2021.08.12"]
[WhiteElo "2550"]
[BlackElo "2602"]
[PlyCount "134"]

1. e4 c6 2. d4 d5 3. e5 Bf5 4. Nd2 e6 5. Nb3 Nd7 6. Nf3 Qc7 7. Be2 c5 8. dxc5 Bxc5 9. Nxc5 Nxc5 10. O-O Ne7 11. Bb5+ Nd7 12. Nd4 Bg6 13. f4 O-O 14. c3 Nc5 15. Be3 a6 16. Be2 b5 17. Rc1 Rac8 18. Qd2 Be4 19. Bf3 Rfd8 20. Nb3 Na4 21. Bd4 Nf5 22. Rce1 Qb7 23. Qe2 b4 24. Bxe4 dxe4 25. Qxe4 Qxe4 26. Rxe4 bxc3 27. Bxc3 Nxc3 28. bxc3 Rxc3 29. Kf2 h5 30. g3 Nh6 31. Rfe1 h4 32. Rd4 Rdc8 33. Rd2 h3 34. Nd4 Ng4+ 35. Kg1 R8c4 36. Ne2 Re4 37. Rb1 Rf3 38. Rc1 Kh7 39. Nc3 Ree3 40. Rdc2 g5 41. fxg5 Kg6 42. Na4 Rxe5 43. Nc5 Rfe3 44. Kf1 a5 45. Nd7 Rxg5 46. Kg1 Rd5 47. Rc4 f5 48. Rc7 Red3 49. Nf8+ Kf6 50. Nh7+ Ke5 51. Re1+ Re3 52. Rxe3+ Nxe3 53. Ng5 Ng4 54. Nxh3 Rd1+ 55. Kg2 Rd2+ 56. Kf1 Nxh2+ 57. Ke1 Nf3+ 58. Kf1 Rxa2 59. Nf4 Nd2+ 60. Ke1 Ne4 61. Re7 Nxg3 62. Nd3+ Kf6 63. Ra7 Ne4 64. Ra6 a4 65. Nb4 Rb2 66. Nd3 Rb5 67. Ke2 Nc5 0-1

[Event "Germany Grand Prix 2021"]
[Site "Dortmund GER"]
[Date "2021.07.18"]
[Round "9.3"]
[White "Ruslan Ponomariov"]
[Black "Vincent Keymer"]
[Result "1/2-1/2"]
[EventDate "?"]
[WhiteElo "2631"]
[BlackElo "2591"]
[PlyCount "68"]

1. e4 c6 2. Nf3 d5 3. exd5 cxd5 4. Ne5 Nf6 5. d4 a6 6. Bd3 Nc6 7. c3 g6 8. O-O Bg7 9. Re1 O-O 10. Nd2 Bf5 11. Bxf5 gxf5 12. Nd3 e6 13. Nb3 Kh8 14. Bf4 Ne7 15. a4 Ng6 16. a5 Nxf4 17. Nxf4 Rg8 18. Nh5 Ne4 19. f3 Nd6 20. Nxg7 Rxg7 21. Re2 Nc4 22. Nc5 Qc7 23. b4 Rag8 24. Qc1 Rg5 25. Nd3 Nd6 26. Raa2 Rh5 27. Qf4 Qxc3 28. Qe5+ Rg7 29. Qxd6 Qxd3 30. Qd8+ Rg8 31. Qf6+ Rg7 32. Qd8+ Rg8 33. Qf6+ Rg7 34. Qd8+ 1/2-1/2

[Event "Germany Grand Prix 2021"]
[Site "Dortmund GER"]
[Date "2021.07.17"]
[Round "7.2"]
[White "Mateusz Bartel"]
[Black "Vincent Keymer"]
[Result "0-1"]
[EventDate "?"]
[WhiteElo "2626"]
[BlackElo "2591"]
[PlyCount "120"]

1. d4 Nf6 2. c4 e6 3. Nf3 d5 4. g3 Bb4+ 5. Bd2 Be7 6. Bg2 O-O 7. O-O c6 8. Na3 Nbd7 9. Rc1 a5 10. Bf4 Ne4 11. Nb1 g5 12. Be3 f5 13. Nc3 f4 14. gxf4 gxf4 15. Bd2 Bd6 16. Kh1 Kh8 17. c5 Bc7 18. Nxe4 dxe4 19. Ne5 Nxe5 20. dxe5 Bxe5 21. Bxe4 f3 22. Bc3 Bxc3 23. Qxd8 Rxd8 24. bxc3 fxe2 25. Rfe1 a4 26. Rxe2 Ra5 27. Re3 e5 28. Rf3 Be6 29. Rb1 Rd7 30. Rf8+ Kg7 31. Rf3 Kg8 32. Rg1+ Rg7 33. Rd1 Kh8 34. a3 Rxc5 35. Rfd3 Rb5 36. Rd8+ Rg8 37. R8d6 Re8 38. Rd8 Rxd8 39. Rxd8+ Kg7 40. Ra8 Bh3 41. f4 Rb3 42. Rxa4 Rxc3 43. Kg1 exf4 44. Ra7 Bc8 45. Ra8 Bd7 46. Ra7 Rb3 47. a4 Kf6 48. Bxh7 Rb2 49. Ra8 c5 50. h4 c4 51. Rf8+ Kg7 52. Rxf4 Kxh7 53. Rxc4 Kh6 54. a5 Kh5 55. Rc7 Bh3 56. Rc4 Bg4 57. Ra4 Kxh4 58. Ra3 Be2 59. Kf2 Ba6+ 60. Ke3 Rb4 0-1

[Event "Germany Grand Prix 2021"]
[Site "Dortmund GER"]
[Date "2021.07.17"]
[Round "8.4"]
[White "Vincent Keymer"]
[Black "Daniel Fridman"]
[Result "1/2-1/2"]
[EventDate "?"]
[WhiteElo "2591"]
[BlackElo "2608"]
[PlyCount "106"]

1. Nf3 d5 2. e3 Nf6 3. c4 e6 4. Nc3 Bd6 5. b3 O-O 6. Bb2 c6 7. Be2 Nbd7 8. Qc2 Qe7 9. O-O b6 10. cxd5 cxd5 11. Nb5 Bb7 12. Nxd6 Qxd6 13. Rac1 Rfc8 14. Qb1 Qf8 15. h3 Rxc1 16. Rxc1 Rc8 17. Nd4 a6 18. a3 Ne4 19. Rc2 Rxc2 20. Qxc2 Qc5 21. d3 Qxc2 22. Nxc2 Nd6 23. b4 Bc6 24. Nd4 Ba4 25. f4 Kf8 26. Kf2 Ke7 27. g4 f6 28. Nf3 Nb8 29. h4 h6 30. Nd4 Nc6 31. Bf3 Nxd4 32. Bxd4 Nb5 33. Bxb6 Nxa3 34. Bc5+ Kf7 35. f5 Bc6 36. Bd1 e5 37. Bb3 Ke8 38. g5 hxg5 39. hxg5 fxg5 40. Kg3 Nb1 41. Bd1 Kf7 42. Bh5+ Kg8 43. Bd6 Bb5 44. Bxe5 Bxd3 45. Kg4 Na3 46. Bd4 Nc2 47. Bc5 Be2+ 48. Kxg5 Bxh5 49. Kxh5 Kf7 50. Kg4 Ne1 51. Bd4 Nc2 52. Bc5 Ne1 53. Bd4 Nc2 1/2-1/2

[Event "Germany Grand Prix 2021"]
[Site "Dortmund GER"]
[Date "2021.07.16"]
[Round "6.5"]
[White "Vincent Keymer"]
[Black "Georg Meier"]
[Result "1/2-1/2"]
[EventDate "?"]
[WhiteElo "2591"]
[BlackElo "2628"]
[PlyCount "60"]

1. d4 Nf6 2. c4 e6 3. Nf3 d5 4. Nc3 dxc4 5. e4 Bb4 6. Bxc4 Nxe4 7. O-O Nxc3 8. bxc3 Bd6 9. Re1 O-O 10. Ne5 Nc6 11. Qh5 Ne7 12. Re3 g6 13. Qf3 Rb8 14. a4 a6 15. Re1 b5 16. axb5 axb5 17. Bb3 Bb7 18. Qg4 Nf5 19. Bg5 f6 20. Nxg6 hxg6 21. Bh6 Kh7 22. Bxf8 Qxf8 23. Bxe6 Qh6 24. Bxf5 Qxh2+ 25. Kf1 gxf5 26. Qxf5+ Kg7 27. Qg4+ Kf7 28. Qe6+ Kg7 29. Qg4+ Kf7 30. Qe6+ Kg7 1/2-1/2

[Event "Germany Grand Prix 2021"]
[Site "Dortmund GER"]
[Date "2021.07.15"]
[Round "4.5"]
[White "Andreas Heimann"]
[Black "Vincent Keymer"]
[Result "1/2-1/2"]
[EventDate "?"]
[WhiteElo "2599"]
[BlackElo "2591"]
[PlyCount "102"]

1. d4 Nf6 2. c4 e6 3. Nc3 Bb4 4. e3 c5 5. Ne2 d5 6. a3 Ba5 7. cxd5 cxd4 8. exd4 Nxd5 9. b4 Bc7 10. Nxd5 exd5 11. g3 O-O 12. Bg2 Re8 13. O-O Bg4 14. Be3 Qd7 15. Qd2 Nc6 16. Nc3 Ne7 17. Rfe1 Rac8 18. Rac1 h6 19. Qa2 Be6 20. Qb3 Bb8 21. Qa4 Rc6 22. Qb3 Rec8 23. Na4 b6 24. b5 Rc4 25. Nb2 Rxc1 26. Rxc1 Rxc1+ 27. Bxc1 Bf5 28. Nd1 Qe6 29. Be3 Be4 30. Bxe4 Qxe4 31. Nc3 Qe6 32. a4 Bd6 33. Qd1 Bb4 34. Na2 Bd6 35. Nc3 g5 36. Qd3 Kg7 37. Kg2 Nf5 38. Bc1 Bb4 39. Nd1 Ne7 40. Ne3 f5 41. f3 f4 42. Nc2 Bd6 43. Bd2 fxg3 44. hxg3 Nf5 45. g4 Nh4+ 46. Kf2 Bb8 47. Ne3 Qf7 48. Ng2 Ng6 49. Ne3 Nh4 50. Ng2 Ng6 51. Ne3 Nh4 1/2-1/2

[Event "Germany Grand Prix 2021"]
[Site "Dortmund GER"]
[Date "2021.07.15"]
[Round "5.1"]
[White "Vincent Keymer"]
[Black "Gata Kamsky"]
[Result "1-0"]
[EventDate "?"]
[WhiteElo "2591"]
[BlackElo "2658"]
[PlyCount "120"]

1. d4 Nf6 2. c4 e6 3. Nf3 b6 4. g3 Bb7 5. Bg2 g6 6. Nc3 Bg7 7. d5 O-O 8. O-O Re8 9. e4 e5 10. Ne1 d6 11. Be3 a5 12. a3 Ba6 13. Qd3 Nbd7 14. b4 Ng4 15. Bd2 f5 16. Nf3 f4 17. Bh3 h5 18. Nh4 Kh7 19. f3 Nh6 20. gxf4 Qxh4 21. Bxd7 Re7 22. Be6 exf4 23. Ne2 Bc8 24. Bxc8 Rxc8 25. Rac1 axb4 26. axb4 Rf8 27. c5 bxc5 28. bxc5 Nf7 29. Be1 Qf6 30. Bb4 Rb8 31. Bc3 Ne5 32. Qd2 dxc5 33. Qxf4 Qxf4 34. Nxf4 Bh6 35. Bxe5 Rxe5 36. Nd3 Bxc1 37. Rxc1 Re7 38. Nxc5 Kg7 39. Kf2 Kf6 40. h4 Rb6 41. Ke3 Kf7 42. Ne6 Rbxe6 43. dxe6+ Kxe6 44. Rc6+ Kf7 45. Kf4 Kg7 46. e5 Rf7+ 47. Ke4 Rd7 48. f4 Re7 49. Rc5 Kf8 50. Rc3 Kf7 51. Rc4 Kf8 52. Ra4 Kf7 53. Ra8 Re8 54. Ra7 Re7 55. f5 gxf5+ 56. Kxf5 c6 57. e6+ Kf8 58. Ra1 Kg7 59. Rg1+ Kf8 60. Rd1 1-0